ბათუმის შოთა რუსთაველის სახელმწიფო უნივერსიტეტის ბიბლიოთეკა

Экономика массового машиностроения (ბიბ.ჩანაწერი № 37252)

000 -LEADER
fixed length control field 00629nam a2200217Ia 4500
001 - CONTROL NUMBER
control field 3211
003 - CONTROL NUMBER IDENTIFIER
control field GE_BSU
008 - FIXED-LENGTH DATA ELEMENTS--GENERAL INFORMATION
fixed length control field 181216s||||||||xx |||||||||||||| ||und||
040 ## - CATALOGING SOURCE
Transcribing agency GE_BSU
080 ## - UNIVERSAL DECIMAL CLASSIFICATION NUMBER
Universal Decimal Classification number 338.5(075.8
245 ## - TITLE STATEMENT
Title Экономика массового машиностроения
245 ## - TITLE STATEMENT
Remainder of title Учебное пособие для машиностр.спец.вузов
245 ## - TITLE STATEMENT
Statement of responsibility, etc. Под.Ред.Б.В.Власова,Г.Б.Каца
260 ## - PUBLICATION, DISTRIBUTION, ETC.
Place of publication, distribution, etc. М
260 ## - PUBLICATION, DISTRIBUTION, ETC.
Name of publisher, distributor, etc. Высш. школа
260 ## - PUBLICATION, DISTRIBUTION, ETC.
Date of publication, distribution, etc. 1984
300 ## - PHYSICAL DESCRIPTION
Extent 319 стр.
300 ## - PHYSICAL DESCRIPTION
Other physical details илл.
653 ## - INDEX TERM--UNCONTROLLED
Uncontrolled term Машиностроение
942 ## - ADDED ENTRY ELEMENTS (KOHA)
Koha item type წიგნი
ეგზემპლარები
Withdrawn status Lost status Damaged status Not for loan Date acquired Barcode Date last seen Price effective from Koha item type
        2018-12-17 8487 2018-12-17 2018-12-17 წიგნი
        2018-12-17 8488 2018-12-17 2018-12-17 წიგნი
        2018-12-17 8489 2018-12-17 2018-12-17 წიგნი
        2018-12-17 8490 2018-12-17 2018-12-17 წიგნი